Diseño geométrico y del pavimento flexible tramo, Jinotepe – Mirazul del Llano.

Presenta el diseño geométrico y del pavimento flexible tramo, Jinotepe – Mirazul del Llano, el cual se realizó mediante la elaboración del cálculo del estudio hidrológico determinando las curvas de intensidad – duración, un estudio hidráulico en el que se determinó las dimensiones de la obr...

Full description

Bibliographic Details
Main Authors: Estrada Orozco, Lilliam Idalia, López Gutiérrez, Miguel Ángel
Other Authors: Tutor: Morales Urbina, Israel
Format: Tesis Section = Libro
Language:Undetermined
Spanish
Published: Managua UNI 2010
Subjects:
LEADER 01279nam a2200265Ia 4500
008 240830s9999 xx 000 0 und d
040 |a BIBLIOTECA-RUPAP Mon 625.85 E82 
041 |a spa 
082 |a Mon 625.85 E82 
100 1 |a Estrada Orozco, Lilliam Idalia 
100 1 |b  López Gutiérrez, Miguel Ángel 
245 1 0 |a Diseño geométrico y del pavimento flexible tramo, Jinotepe – Mirazul del Llano. 
260 |a Managua  |b UNI  |c 2010 
300 |a 123 p. :il. 
500 |a Contiene: anexos. 
502 |a Tesis (Ingeniero Civil)- UNI, 2010. 
520 3 |a Presenta el diseño geométrico y del pavimento flexible tramo, Jinotepe – Mirazul del Llano, el cual se realizó mediante la elaboración del cálculo del estudio hidrológico determinando las curvas de intensidad – duración, un estudio hidráulico en el que se determinó las dimensiones de la obra de drenaje mayor así como un estudio de tránsito para la clasificación de los vehículos tanto como livianos y pesados. 
650 7 |a PAVIMENTOS 
650 7 |b PAVIMENTOS FLEXIBLES 
650 7 |c PAVIMENTOS – DISEÑO Y COSNTRUCCION 
650 7 |d CARRETERAS – MANTENIMIENTO Y REPARACION 
700 1 |a Tutor:  |b Morales Urbina, Israel 
942 |c BK  |2 ddc 
991 |a TESIS 
999 |c 16083